000
00279nam a2200121Ia 4500
008
240731s9999 xx 000 0 und d
022
_a
1464-0686
245
0
_a
Memory
260
_b
Routledge
856
_u
https://www.tandfonline.com/loi/pmem20
942
_2
ddc
942
_c
TFEJ
999
_c
78550
_d
78550
945
_a
1
_b
Madushi Gamage
_c
1
_d
Madushi Gamage